| Tag |
First Indicator |
Second Indicator |
Subfields |
| LEADER |
00000cam a2200000Ka 4500 |
| 001 |
in00001727421 |
| 005 |
20211202195135.0 |
| 006 |
m d f |
| 008 |
030127s2002 dcu s f000 0 eng d |
| 035 |
|
|
|a (OCoLC)ocm51524535
|
| 040 |
|
|
|a GPO
|c GPO
|d MvI
|d UtOrBLW
|
| 049 |
|
|
|a WWW
|
| 074 |
|
|
|a 0288-A (online)
|
| 086 |
0 |
|
|a CR 1.2:2003006403
|
| 110 |
2 |
|
|a United States Commission on Civil Rights.
|b Ohio Advisory Committee.
|
| 245 |
1 |
0 |
|a Briefing on civil rights issues facing Muslims and Arab Americans in Ohio post-September 11 before the Ohio Advisory Committee to the U.S. Commission on Civil Rights, November 14, 2001.
|
| 264 |
|
1 |
|a [Washington, D.C.] :
|b [U.S. Commission on Civil Rights],
|c [2002?]
|
| 336 |
|
|
|a text
|b txt
|2 rdacontent
|
| 337 |
|
|
|a computer
|b c
|2 rdamedia
|
| 338 |
|
|
|a unspecified
|b zu
|2 rdacarrier
|
| 538 |
|
|
|a Mode of access: Internet from the USCCR web site. Address as of 5/29/03: http://www.usccr.gov/pubs/sac/oh1101/main.htm; current access is available via PURL.
|
| 500 |
|
|
|a Title from title screen (viewed on Jan. 27, 2003).
|
| 500 |
|
|
|a Electronic resource.
|
| 650 |
|
0 |
|a Muslims
|x Civil rights
|z Ohio.
|
| 650 |
|
0 |
|a Arab Americans
|x Civil rights
|z Ohio.
|
| 856 |
4 |
0 |
|u https://purl.fdlp.gov/GPO/LPS26256
|t 0
|
| 999 |
|
|
|a MARS
|
| 999 |
f |
f |
|s 2a82c883-3513-3b98-b468-8be3d86aaa28
|i be0fb3d3-4235-3c30-bcab-da48084537e0
|t 0
|
| 952 |
f |
f |
|a Texas A&M University
|b College Station
|c Electronic Resources
|d Available Online
|t 0
|e CR 1.2:2003006403
|h Superintendent of Documents classification
|
| 998 |
f |
f |
|a CR 1.2:2003006403
|t 0
|l Available Online
|